02515 2201069 4500001002100000005001500021035002000036007000300056008004100059020002200100082000800122084001900130100001600149245003100165260003100196300001700227990001600244990001600260990001600276990001600292990001600308990001600324990001600340990001600356990001600372990001600388990001600404990001600420990001600436990001600452990001600468990001600484990001600500990001600516990001600532990001600548990001600564990001600580990001600596990001600612990001600628990001600644990001600660990001600676990001600692990001600708990001600724990001700740990001600757990001600773990001600789990001600805990001600821990001600837990001600853990001600869990001600885990001600901990001600917990001600933990001600949990001600965990001600981990001600997990001601013990001601029990001601045990001601061990001601077990001601093990001601109990001601125990001601141990001601157990001601173990001601189990001601205990001601221990001601237990001601253990001601269990001601285990001601301990001601317990001601333990001601349990001601365990001601381990001601397990001601413990001601429INLIS00000000000182120240828074357 a0010-0824000027ta240828 g 0 ind  a978-623-266-894-2 a330 a330 ALA i.c.750 aAlam S, dkk1 aIPS Ekonomi Kelas X Kurmer aJakarta :bErlangga,c2022 a268 ;c25 cm a2024/P/1896 a2024/P/1897 a2024/P/1898 a2024/P/1899 a2024/P/1900 a2024/P/1901 a2024/P/1902 a2024/P/1903 a2024/P/1904 a2024/P/1905 a2024/P/1906 a2024/P/1907 a2024/P/1908 a2024/P/1909 a2024/P/1910 a2024/P/1911 a2024/P/1912 a2024/P/1913 a2024/P/1914 a2024/P/1915 a2024/P/1916 a2024/P/1917 a2024/P/1918 a2024/P/1919 a2024/P/1920 a2024/P/1921 a2024/P/1922 a2024/P/1923 a2024/P/1924 a2024/P/1925 a2024/P/1926 a2024/P/19257 a2024/P/1928 a2024/P/1929 a2024/P/1930 a2024/P/1931 a2024/P/1932 a2024/P/1933 a2024/P/1934 a2024/P/1935 a2024/P/1936 a2024/P/1937 a2024/P/1938 a2024/P/1939 a2024/P/1940 a2024/P/1941 a2024/P/1942 a2024/P/1943 a2024/P/1944 a2024/P/1945 a2024/P/1946 a2024/P/1947 a2024/P/1948 a2024/P/1949 a2024/P/1950 a2024/P/1951 a2024/P/1952 a2024/P/1953 a2024/P/1954 a2024/P/1955 a2024/P/1956 a2024/P/1957 a2024/P/1958 a2024/P/1959 a2024/P/1960 a2024/P/1961 a2024/P/1962 a2024/P/1963 a2024/P/1964 a2024/P/1965 a2024/P/1966 a2024/P/1967 a2024/P/1968 a2024/P/1969 a2024/P/1970